000 00479nam a2200097Ia 4500
008 180130s9999 xx 000 0 und d
245 _cJosang, Audun; Rosenberger, Christophe; Miralabe, Laurent; Klevjer, Henning; Varmedal, Kent A.; Daveau, Jerome; Husa, Knut Eilif; Taugbol, Petter
_aLocal user-centric identity management
260 _c2016
300 _aBook title: Trust management and information security--Acession number C20744; pages 193-220
650 _aINFORMATION SECURITY
999 _c354202
_d354202